000 00603nam a2200193Ia 4500
008 151119s9999||||xx |||||||||||||| ||und||
082 _a891.463
082 _bGKKV808
100 _aभागवत यशवंत
245 _aप्रिया कुणाची प्रिया
260 _a--
260 _b--
260 _c1980
600 _aभागवत यशवंत
630 _aप्रिया कुणाची प्रिया
700 _aभागवत यशवंत
730 _aप्रिया कुणाची प्रिया
942 _cBOOK
999 _c1057455
_d1057452